000 005960000a22001810004500
003 MACL
005 20160225153030.0
008 160225b xxu||||| |||| 00| 0 eng d
040 _aMACL
_cMACL
041 _aHindi
082 _a796
100 _aपदमश्री मा. चंदगीराम पहलवान
_940433
245 _aभारतीय कुश्‍ती के दाव पेंच
260 _bभारतीय कुश्‍ती प्रकाशन
_c1982
_aइन्‍दौर
350 _a20
650 _aSports
_940434
942 _cHIN
_k796
_2ddc
999 _c28816
_d28816